| 000 | 00740nam a22002175i 4500 | ||
|---|---|---|---|
| 001 | 167784 | ||
| 003 | ES-MaACL | ||
| 005 | 20250717063051.0 | ||
| 008 | 050928s1825 fr af | |||||||| ||fre d | ||
| 040 |
_aCAM _bspa _cCAM |
||
| 100 | 0 |
_aVoltaire, _d1694-1778 _9115721 |
|
| 245 | 1 | 0 |
_aPhysique / _cde Voltaire. |
| 260 |
_aParis : _bP. Dupont, libraire-éditeur, _c1824 ( _fImprimerie de Gaultier-Laguionie) |
||
| 300 |
_a667, 8 h. de lám. ; _c21 cm. |
||
| 490 | 1 |
_aOeuvres complètes de Voltaire ; _v30 |
|
| 650 | 4 |
_aFísica- _yS. \RXVIII\R. _9241311 |
|
| 700 | 1 |
_aDupont, Paul, _eed. _946109 |
|
| 830 | 0 |
_aOeuvres complètes de Voltaire ; _v30 _9188721 |
|
| 852 |
_aES-MaACL _jF-7550 _z-- Enc. hol. |
||
| 999 |
_c167784 _d167784 |
||